000 00441pab a2200181 454500
008 180718b2014 xxu||||| |||| 00| 0 eng d
100 _aBurra, Srinivas
245 _aDecriminalising creative 'offence'
260 _c2014
300 _ap.18-21.
362 _a4 Oct
650 _aCrime
650 _aFreedom of expression
650 _aFreedom of speech
773 _aEconomic and Political Weekly
908 _aN
909 _a105566
999 _c105561
_d105561